| 000 | 00840nam a2200277 a 4500 | ||
|---|---|---|---|
| 001 | BD-DhNSU-30974 | ||
| 003 | BD-DhNSU | ||
| 005 | 20260422131153.0 | ||
| 008 | 260422s1990 bg ||||g vw|| 001 0|eng d | ||
| 040 |
_aDLC _cBD-DhNSU _dBD-DhNSU |
||
| 041 | _aeng | ||
| 050 | 0 | 0 |
_aKNG19 _b.A2B36 1990 |
| 245 | 0 | 0 |
_aBangladesh legal decisions , _nVol. 10 / _cedited by Shahabuddin Ahmad & Sultan Ahmad. |
| 246 |
_aBLD _bVolume X |
||
| 260 |
_aDhaka : _bBangladesh Bar Council, _c1990. |
||
| 300 |
_avp ; _c25 cm. |
||
| 500 | _aDec- 90 Reg. No.. 513 | ||
| 526 | _aLaw | ||
| 590 | _aSumaiya Kainat Bintey Kohinoor | ||
| 650 | 0 |
_aLaw reports digests etc _zBangladesh. |
|
| 650 | 4 | _aLaw reports digests etc | |
| 700 | 1 |
_aAhmad, Shahabuddin _eeditor |
|
| 700 | 1 |
_aAhmad, Sultan _eeditor |
|
| 710 | _aBangladesh Bar Council. | ||
| 942 |
_2lcc _cBK |
||
| 999 |
_c30974 _d30974 |
||